000 01552cam a2200385 a 4500
001 1865
003 FISKH
005 20231006160141.0
008 041109r20041957nyua c 000 1 eng
010 _a 2004061182
020 _a0802777058 (pbk.)
040 _aDLC
_cDLC
_dDLC
_beng
042 _alcac
050 0 0 _aPZ7.L4384
_bGr 2004
082 0 0 _a813
_222
100 1 _aLawson, Robert,
_d1892-1957.
245 1 4 _aThe great wheel /
_ctext and illustrations by Robert Lawson ; foreword by Richard Peck.
260 _aNew York :
_bWalker,
_c2004.
300 _a180 pages :
_billustrations ;
_c20 cm.
505 _aZ'
520 _aEighteen-year-old Conn leaves Ireland and sails to America, where he helps build the first Ferris wheel for the World's Columbian Exposition of 1893.
521 1 _a990
_bLexile
521 1 _aZ'
_bRaz-Plus
586 _aNewbery Honor Book, 1958.
611 2 1 _aWorld's Columbian Exposition
_d(1893 :
_cChicago, Ill.)
_vFiction.
650 1 _aFerris wheels
_vFiction.
650 1 _aImmigrants
_vFiction.
650 1 _aIrish Americans
_vFiction.
651 1 _aIreland
_xEmigration and immigration
_vFiction.
856 4 2 _3Contributor biographical information
_uhttp://www.loc.gov/catdir/enhancements/fy0619/2004061182-b.html
856 4 2 _3Publisher description
_uhttp://www.loc.gov/catdir/enhancements/fy0619/2004061182-d.html
906 _a7
_bcbc
_corignew
_d1
_eocip
_f20
_gy-gencatlg
942 _2ddc
_cBK
_n0
999 _c1865
_d1865